Design of Concrete Elements According to Eurocodes 2 and 8 Using MS Excel. (Record no. 8430)
[ view plain ]
| 000 -LEADER | |
|---|---|
| fixed length control field | 01271cam a22001934a 4500 |
| 005 - ΗΜΕΡΟΜΗΝΙΑ ΚΑΙ ΩΡΑ ΤΕΛΕΥΤΑΙΑΣ ΕΝΗΜΕΡΩΣΗΣ | |
| Πεδίο ελέγχου | 20250605164335.0 |
| 008 - FIXED-LENGTH DATA ELEMENTS--GENERAL INFORMATION | |
| Πεδίο ελέγχου σταθερού μήκους | 250528s ||||||||||||||||||||||||d |
| 035 ## - SYSTEM CONTROL NUMBER | |
| System control number | 23410 |
| 040 ## - ΠΗΓΗ ΚΑΤΑΛΟΓΟΓΡΑΦΗΣΗΣ | |
| Φορέας πρωτότυπης καταλογογράφησης | MC Athens Campus Library |
| Γλώσσα καταλογογράφησης | Ελληνικά, Μοντέρνα (1453-) |
| Modifying agency | MC Athens Campus Library |
| Κανόνες περιγραφικής καταλογογράφησης | AACR2 |
| 245 1# - ΤΙΤΛΟΣ ΚΑΙ ΔΗΛΩΣΗ ΥΠΕΥΘΥΝΟΤΗΤΑΣ | |
| Τίτλος | Design of Concrete Elements According to Eurocodes 2 and 8 Using MS Excel. |
| 260 ## - PUBLICATION, DISTRIBUTION, ETC. | |
| Date of publication, distribution, etc. | 2016 |
| 300 ## - PHYSICAL DESCRIPTION | |
| Extent | 111 |
| 520 ## - SUMMARY, ETC. | |
| Summary, etc. | Introduction, Designing Problems, the MS Excel Program, Introduction - Eurocodes, EN 1990 Eurocode 0: Basis of Structural Design, EN 1991 Eurocode 1: Actions on Structures, EN 1992 Eurocode 2: Design of Concrete Structures, EN 1998 Eurocode 8: Design of Structures for Erthquake Resistance 33, Solving by the Hand, Real Project - Basic Data, Slab Design, Beam Design, Using Microsoft Excel Software, Manual Software, Column Design, Solving with Finite Elemnet Analysis Program, Conclusion, Appendix, Czerny's Table, Four Edges Supported Slab, One Edge Supported Slab, Two Edges Supported Slab, Three Edges Supported Slab, Interaction Diagrams, Project Plan, Ethical Approval Form, Engagement with the Supervisor, Meeting Form 1, 2, 3, 4, 5, 6, 7, References, Bibliography. |
| 700 1# - ΠΡΟΣΘΕΤΗ ΑΝΑΓΡΑΦΗ--ΦΥΣΙΚΟ ΠΡΟΣΩΠΟ | |
| Personal name | Kampitis Ioannis |
| 9 (RLIN) | 8977 |
| 700 1# - ΠΡΟΣΘΕΤΗ ΑΝΑΓΡΑΦΗ--ΦΥΣΙΚΟ ΠΡΟΣΩΠΟ | |
| Personal name | Schiza Evrydiki |
| 9 (RLIN) | 8978 |
| 942 ## - ADDED ENTRY ELEMENTS (KOHA) | |
| Koha item type | Διπλωματική εργασία |
| Τύπος τεκμηρίου | Βιβλιοθήκη | Τρέχουσα τοποθεσία | Barcode | Ημερομηνία απόκτησης | Ταξιθετικό σύμβολο | Αριθμός αντιτύπου | Κατάσταση απόσυρσης | Κατάσταση χαμένου | Κατάσταση κατεστραμμένου | Μη δανεισμός | Σύνολο δανεισμών | Ημερομηνία τελευταίας εμφάνισης | Η τιμή ισχύει από |
|---|---|---|---|---|---|---|---|---|---|---|---|---|---|
| Διπλωματική εργασία | MC Athens Campus Library | MC Athens Campus Library | 9780000084293 | 05/06/2025 | ENG 2016 (55) | 1 | 05/06/2025 | 05/06/2025 |